| 000 | 00558nam a22001817a 4500 | ||
|---|---|---|---|
| 005 | 20240514150224.0 | ||
| 010 | _aENG-139944 | ||
| 020 |
_c95.00 _a9788123428970 |
||
| 035 | _aEN-123476 | ||
| 037 | _bDBAD | ||
| 082 |
_a882 _21 |
||
| 245 |
_aNew Century's Shakespeare: _bMuch Ado About Nothing/ _cEdt. by Prof. K. Natarajan |
||
| 250 | _a1 | ||
| 260 |
_aChennai _bNew Century Book House (P) Ltd. _c2016 |
||
| 270 |
_a41-B, SIDCO Industrial Estate, Ambattur _bChennai _e600098 |
||
| 300 |
_a125p; _c21(pb) |
||
| 942 |
_2ddc _cEN _h882 _mCEN _e1 |
||
| 999 |
_c201798 _d201798 |
||